TINTA IPN 2024

Bibliographic Details
Format: Serial
Published: Selangor : Institut Perakaunan Negara, 2025
Subjects:
LEADER 00759cas a2200193 a 4500
001 0000150711
005 20260213090000.0
008 260213 20242024my
040 |a mod 
022 |a 2180-1037 
245 0 0 |a TINTA IPN 2024 
264 1 |a Selangor :  |b Institut Perakaunan Negara,  |c 2025 
300 |a 127pages :  |b colour illustration, colour photoghraps ;  |c 30 cm 
650 2 0 |a Government publications  |z Malaysia  |v Reports 
710 0 |a Kementerian Kewangan,  |e Issuing body 
850 |a  2024 
852 |a 01 
999 |a S0000196  |b KEMENTAH  |d TERBITAN BERSIRI  |e Laporan tahunan  |f Perpustakaan KEMENTAH  |j FINAL PROCESSING  |p    |q GOOD CONDITION 
999 |a S0000197  |b KEMENTAH  |d TERBITAN BERSIRI  |e Laporan tahunan  |f Perpustakaan KEMENTAH  |j FINAL PROCESSING  |p    |q GOOD CONDITION